000 00872nam2a2200205 4500
001 RU\NLR\PER_A\022250485_000150
005 20260129122731.0
035 _a(NLR Aleph) 022705479
090 _a13536314
_c13536314
100 _a20260121d2025 u y0rusy50 ca
101 0 _arus
102 _aRU
200 0 _a2025, № 4
210 _d2025
461 0 _1001RU\NLR\BIBL_A\022250485
_12001#$aСабрина. Вязание крючком$eспецальный выпуск журнала Сабрина/Sabrina$eроссийское издание$v2025, № 4
_913187797
_cМосква
_d2024 -
_nИМ Медиа
_oспецальный выпуск журнала Сабрина/Sabrina : российское издание
_tСабрина. Вязание крючком
_v2025, № 4
852 _aNLR
_jП11/6407
942 _cISSUE
980 _aRUSPER
980 _aNB